000 00778nam a2200241Ia 4500
001 dia_4062
003 CHAP
005 20251014150346.0
008 220601s9999 xx 000 0 und d
040 _amxchpua
_erda
090 _aFOLLETO 2386
100 _aMontes Rivera, Roberto
_977900
245 _aGuía para cultivar frijol de riego en el centro y sur de Guanajuato / Roberto Montes Rivera y otros
260 _aMéxico : INIA, Campo Agrícola Experimental del Bajío
300 _a16 p.
500 _aS/c (Folleto para productores, 13)
650 _a1. Frijol-Cultivo2. Frijol-Guanajuato
_9175980
700 _aINIAÌ
901 _aFOLLETO 2386
902 _aM
905 _a0000001985 mx 0000000000spa00
942 _cFOLL
_2local
999 _c209446
_d209446